[Event "XXIV MEMORIAL J. KOCHANA"]
[Site "Koszalin"]
[Date "2013.08.16"]
[Round "8.5"]
[White "Kuciel, Wladyslaw"]
[Black "Janik, Igor"]
[Result "0-1"]
[WhiteElo "1978"]
[BlackElo "1953"]
[PlyCount "83"]
[EventDate "2013.??.??"]

1. d4 Nf6 2. c4 g6 3. Nc3 Bg7 4. e4 d6 5. Nf3 O-O 6. Be2 e5 7. Be3 exd4 8. Nxd4
Re8 9. f3 c6 10. Qd2 d5 11. exd5 cxd5 12. O-O dxc4 13. Rfd1 Qe7 14. Bf4 Be6 15.
Ncb5 Na6 16. Rac1 c3 17. Nxc3 Rad8 18. Bxa6 bxa6 19. Nc6 Qc5+ 20. Be3 Rxd2 21.
Bxc5 Rxb2 22. Ba3 Rb7 23. Nd8 Rb8 24. Nc6 Bh6 25. Rc2 Bf5 26. Re2 Rxe2 27. Nxe2
Rb1 28. Nc1 Bd7 29. Ne5 Bf8 30. Nc4 Bxa3 31. Nxa3 Rb4 32. Rd6 Ra4 33. Nb1 Be6
34. Nc3 Ra3 35. N1e2 Kg7 36. Rd4 Ne8 37. Rd2 Nc7 38. Kf2 Nb5 39. Rc2 Bf5 40.
Ne4 Bxe4 41. fxe4 Nd6 42. Nc3 0-1

[Event "XXIV MEMORIAL J. KOCHANA"]
[Site "Koszalin"]
[Date "2013.08.16"]
[Round "8.6"]
[White "Kucharski, Krzysztof"]
[Black "Mielczarski, Miroslaw"]
[Result "1-0"]
[WhiteElo "1864"]
[BlackElo "2241"]
[PlyCount "75"]
[EventDate "2013.??.??"]

1. e4 c5 2. Nf3 Nc6 3. d4 cxd4 4. c3 dxc3 5. Nxc3 e6 6. Bc4 d6 7. O-O a6 8. Bf4
Be7 9. Qe2 Qc7 10. Rac1 Qb8 11. Rfd1 Ne5 12. Bb3 Nf6 13. Nxe5 dxe5 14. Be3 b5
15. f3 O-O 16. a4 Bd7 17. axb5 axb5 18. Rd2 Rd8 19. g4 Be8 20. h4 Rxd2 21. Qxd2
Qd6 22. Qe2 Qb4 23. Bd1 Bc5 24. Nd5 Bxe3+ 25. Nxe3 Qd6 26. Kf2 Bd7 27. Qc2 h6
28. Be2 Ra7 29. Qc5 Qd4 30. g5 hxg5 31. hxg5 Nh5 32. Qxd4 exd4 33. Ng4 Kf8 34.
Ne5 Be8 35. Nd3 f6 36. f4 Ke7 37. Rc5 Rb7 38. Bxh5 1-0

[Event "XXIV MEMORIAL J. KOCHANA"]
[Site "Koszalin"]
[Date "2013.08.16"]
[Round "8.7"]
[White "Kowalski, Maciej"]
[Black "Fronczak, Sebastian"]
[Result "1-0"]
[WhiteElo "1932"]
[BlackElo "1859"]
[PlyCount "81"]
[EventDate "2013.??.??"]

1. d4 c5 2. d5 e5 3. e4 d6 4. Nc3 Nf6 5. h3 g6 6. Nf3 Bg7 7. Nd2 a6 8. a4 b6 9.
Be2 O-O 10. O-O Ra7 11. Nc4 Ne8 12. f4 f6 13. f5 g5 14. Bd3 Bd7 15. Qh5 Qc7 16.
h4 h6 17. Ne3 Rf7 18. Ng4 Bf8 19. Qg6+ Rg7 20. Qxh6 Rh7 21. Qg6+ Rg7 22. Nxf6+
Nxf6 23. Qxf6 Be8 24. Bxg5 Nd7 25. Qe6+ Bf7 26. f6 Bxe6 27. fxg7 Bf7 28.
gxf8=Q+ Nxf8 29. Rf3 Nh7 30. Bh6 Nf8 31. Raf1 Ng6 32. Rxf7 Qxf7 33. Rxf7 Kxf7
34. Bg5 Nf8 35. g4 Nh7 36. Bd8 Nf6 37. Bxb6 Rb7 38. a5 Nxg4 39. Bxa6 Rb8 40.
Bb5 Ne3 41. a6 1-0

[Event "XXIV MEMORIAL J. KOCHANA"]
[Site "Koszalin"]
[Date "2013.08.16"]
[Round "8.8"]
[White "Bilczewski, Kacper"]
[Black "Lisinski, Henryk"]
[Result "1/2-1/2"]
[WhiteElo "1807"]
[BlackElo "1929"]
[PlyCount "58"]
[EventDate "2013.??.??"]

1. e4 e5 2. Nf3 Nc6 3. Bc4 Nf6 4. d3 Be7 5. c3 O-O 6. O-O d6 7. Nbd2 Na5 8. Bb5
a6 9. Ba4 b5 10. Bc2 c5 11. d4 cxd4 12. cxd4 Qc7 13. d5 Bg4 14. Bd3 Rac8 15.
Re1 Nc4 16. b3 Nxd2 17. Bxd2 Nd7 18. h3 Bh5 19. g4 Bg6 20. Rc1 Qb7 21. Qe2 Nc5
22. Bb1 b4 23. Rc4 a5 24. Nh2 f6 25. Nf1 Be8 26. Rcc1 Bb5 27. Qf3 Qa6 28. Ng3
g6 29. h4 Nd3 1/2-1/2

[Event "XXIV MEMORIAL J. KOCHANA"]
[Site "Koszalin"]
[Date "2013.08.16"]
[Round "8.10"]
[White "Brusilowicz, Przemyslaw"]
[Black "Kubiak, Jakub"]
[Result "1-0"]
[WhiteElo "1954"]
[BlackElo "1531"]
[PlyCount "119"]
[EventDate "2013.??.??"]

1. d4 Nf6 2. Nf3 g6 3. c4 Bg7 4. Nc3 O-O 5. e4 d6 6. Be2 Nbd7 7. O-O e5 8. dxe5
Nxe5 9. Nxe5 dxe5 10. Qc2 c6 11. Be3 Be6 12. b4 Nd7 13. Rfd1 Qc7 14. Rd2 Nb6
15. Na4 Rad8 16. Rad1 Rxd2 17. Rxd2 Rd8 18. Nxb6 axb6 19. Rxd8+ Qxd8 20. Qa4
Bf8 21. a3 c5 22. b5 f5 23. Qc2 f4 24. Bd2 g5 25. Bc3 Bg7 26. h3 Qd7 27. Kh2
Qf7 28. Qd2 Qd7 29. Qxd7 Bxd7 30. a4 Kf7 31. a5 bxa5 32. Bxa5 Ke6 33. Bd8 h6
34. h4 gxh4 35. Bg4+ Kd6 36. Kh3 Be6 37. Bxe6 Kxe6 38. Kxh4 Kd7 39. Bb6 Kd6 40.
Kh5 Bf8 41. Bd8 Kd7 42. Bf6 Kd6 43. Kg6 Ke6 44. Bh8 Kd6 45. Kf5 f3 46. Bxe5+
Kd7 47. g4 Bd6 48. Bxd6 Kxd6 49. Kf4 b6 50. Kxf3 Ke5 51. Ke3 Kf6 52. f4 Ke6 53.
e5 Kf7 54. Ke4 Kg6 55. Kd5 h5 56. gxh5+ Kxh5 57. e6 Kg6 58. e7 Kf7 59. Kd6 Ke8
60. f5 1-0

[Event "XXIV MEMORIAL J. KOCHANA"]
[Site "Koszalin"]
[Date "2013.08.16"]
[Round "8.11"]
[White "Smal, Tobiasz"]
[Black "Kozlowski, Konrad"]
[Result "1/2-1/2"]
[WhiteElo "1928"]
[BlackElo "1515"]
[PlyCount "69"]
[EventDate "2013.??.??"]

1. e4 e5 2. Nf3 Nc6 3. Bb5 a6 4. Ba4 Nf6 5. O-O b5 6. Bb3 Be7 7. Re1 d6 8. c3
O-O 9. d4 exd4 10. cxd4 Bg4 11. Be3 Na5 12. Bc2 Nc4 13. Bc1 Re8 14. b3 Nb6 15.
Nbd2 d5 16. e5 Nfd7 17. h3 Be6 18. Nf1 f6 19. Ng3 g6 20. Bf4 fxe5 21. Nxe5 Nxe5
22. Bxe5 Bf6 23. Rc1 Bxe5 24. Rxe5 Nd7 25. Re3 Rc8 26. Ne2 Qg5 27. Rg3 Qh6 28.
Bb1 Nf6 29. Rc6 Nh5 30. Re3 Bd7 31. Rxe8+ Rxe8 32. Rxc7 Re7 33. Kf1 Nf4 34. Qc1
Rxe2 35. Rxd7 1/2-1/2

[Event "XXIV MEMORIAL J. KOCHANA"]
[Site "Koszalin"]
[Date "2013.08.16"]
[Round "8.12"]
[White "Januszkiewicz, Wojciech"]
[Black "Ziemba, Artur"]
[Result "1-0"]
[WhiteElo "1841"]
[BlackElo "1667"]
[PlyCount "123"]
[EventDate "2013.??.??"]

1. e4 c5 2. Nf3 d6 3. d4 Nf6 4. Nc3 cxd4 5. Nxd4 a6 6. Bc4 b5 7. Bb3 Bb7 8. O-O
g6 9. Nf3 Bg7 10. e5 Ng8 11. Bd5 Nc6 12. Re1 dxe5 13. Ng5 Nh6 14. Nxf7 Nxf7 15.
Qf3 O-O 16. Bxc6 Bxc6 17. Qxc6 Qc8 18. Qe4 Kh8 19. a4 Nd6 20. Qe2 Qc6 21. Bd2
Nc4 22. axb5 axb5 23. Rab1 Rac8 24. Rec1 Rfd8 25. Be1 Rd7 26. Rd1 Rcd8 27. Rxd7
Rxd7 28. Ne4 Bf6 29. Bc3 Nd6 30. Ng3 Nc4 31. h3 Kg7 32. Qg4 Nd6 33. Rd1 b4 34.
Qxb4 Rb7 35. Qg4 Nb5 36. Rd3 Qa6 37. Ne4 Nxc3 38. bxc3 Rb2 39. Qe2 Qc6 40. Kh2
h5 41. Rd2 Rb1 42. Qf3 Qb5 43. Qd3 Qb6 44. c4 Qc6 45. c3 Ra1 46. c5 Ra4 47. c4
Qa6 48. Rc2 Ra1 49. g3 h4 50. g4 Re1 51. Re2 Rc1 52. g5 Qa1 53. gxf6+ exf6 54.
Qf3 f5 55. c6 fxe4 56. Qxe4 Qd4 57. c7 Rxc4 58. c8=Q Rxc8 59. Qb7+ Kh6 60. Qxc8
Qf4+ 61. Kg2 e4 62. Qg4 1-0

[Event "XXIV MEMORIAL J. KOCHANA"]
[Site "Koszalin"]
[Date "2013.08.16"]
[Round "8.13"]
[White "Kwiatkowski, Marek"]
[Black "Dmochowska, Agnieszka"]
[Result "0-1"]
[WhiteElo "1434"]
[BlackElo "1823"]
[PlyCount "142"]
[EventDate "2013.??.??"]

1. c4 e5 2. Nc3 Nf6 3. d3 d5 4. cxd5 Nxd5 5. Nf3 Nc6 6. g3 Be7 7. Bg2 Nb6 8.
Bd2 O-O 9. O-O Re8 10. Rc1 Bf8 11. a3 Bg4 12. h3 Be6 13. Ng5 Bf5 14. Qb3 Qd7
15. g4 Bg6 16. Be4 Nd4 17. Qd1 Bxe4 18. Ngxe4 c6 19. Ng3 Nd5 20. Nxd5 Qxd5 21.
Be3 Qb5 22. a4 Qxb2 23. Rb1 Qa3 24. Rxb7 Reb8 25. Qb1 Bb4 26. Rxb8+ Rxb8 27.
Bxd4 exd4 28. Qa1 Qxa1 29. Rxa1 Bc3 30. Ra2 Kf8 31. Ne4 Ke7 32. Kg2 f6 33. Kf3
Ke6 34. Nc5+ Kd5 35. Ne4 a5 36. Ra3 Bb2 37. Ra2 c5 38. Nd2 Bc3 39. Nc4 Rb1 40.
Kg2 g6 41. Kh2 h6 42. Kg2 Ke6 43. Kg3 f5 44. Kg2 fxg4 45. hxg4 h5 46. gxh5 gxh5
47. Kh2 Rb8 48. Rc2 Rf8 49. f3 Kf6 50. Nxa5 Bxa5 51. Rxc5 Bd2 52. Rxh5 Ra8 53.
Rb5 Rxa4 54. Rb1 Kf5 55. Kg3 Bf4+ 56. Kf2 Ra2 57. Rb5+ Ke6 58. Rb6+ Kd5 59.
Rb5+ Kc6 60. Rb1 Be3+ 61. Kf1 Rc2 62. Ra1 Rc1+ 63. Rxc1+ Bxc1 64. Kf2 Kd6 65.
Kg3 Ke5 66. Kg4 Be3 67. Kg3 Kf5 68. Kg2 Kf4 69. Kf1 Kg3 70. Ke1 Kg2 71. f4 Bxf4
0-1

[Event "XXIV MEMORIAL J. KOCHANA"]
[Site "Koszalin"]
[Date "2013.08.16"]
[Round "8.14"]
[White "Dabrowski, Damian"]
[Black "Koszowski, Krystian"]
[Result "1-0"]
[WhiteElo "1593"]
[BlackElo "1721"]
[PlyCount "33"]
[EventDate "2013.??.??"]

1. e4 e5 2. Nf3 Nc6 3. d4 exd4 4. Nxd4 Bc5 5. Be3 Qf6 6. c3 Nge7 7. Bc4 Qg6 8.
O-O Ne5 9. Be2 Qxe4 10. Nd2 Qg6 11. Nb5 Bxe3 12. fxe3 Qb6 13. Nc4 O-O 14. Nxb6
axb6 15. Nxc7 Ra5 16. b4 Ra3 17. Nb5 1-0

[Event "XXIV MEMORIAL J. KOCHANA"]
[Site "Koszalin"]
[Date "2013.08.16"]
[Round "8.15"]
[White "Oglaza, Oskar"]
[Black "Stylinski, Piotr"]
[Result "1-0"]
[WhiteElo "1512"]
[BlackElo "1576"]
[PlyCount "73"]
[EventDate "2013.??.??"]

1. e4 Nf6 2. e5 Nd5 3. c4 Nb6 4. d4 d6 5. exd6 exd6 6. Be3 Be7 7. Be2 O-O 8.
Nf3 Bf6 9. O-O Bg4 10. b3 Nc6 11. Nc3 Re8 12. Rc1 a5 13. a4 d5 14. c5 Nc8 15.
h3 Bxf3 16. Bxf3 N8e7 17. Bg4 g6 18. Nb5 h5 19. Bf3 Nf5 20. Rc3 Bg7 21. Re1 Rc8
22. Qd3 Nb4 23. Qd2 c6 24. Nd6 Nxd6 25. cxd6 Qxd6 26. Rec1 Qd7 27. Be2 b6 28.
Re1 Qd6 29. Bf4 Qf6 30. Be5 Qd8 31. Bxh5 gxh5 32. Rg3 f6 33. Rxg7+ Kxg7 34.
Qg5+ Kf7 35. Qxh5+ Ke6 36. Bf4+ Kd7 37. Qf5+ 1-0

[Event "XXIV MEMORIAL J. KOCHANA"]
[Site "Koszalin"]
[Date "2013.08.16"]
[Round "8.16"]
[White "Zimochocki, Roman"]
[Black "Bartoszewicz, Marcin"]
[Result "0-1"]
[WhiteElo "1775"]
[BlackElo "1878"]
[PlyCount "50"]
[EventDate "2013.??.??"]

1. d4 Nf6 2. Nf3 g6 3. c4 Bg7 4. Nc3 O-O 5. e4 d6 6. h3 e5 7. Be2 Nc6 8. Be3
exd4 9. Nxd4 Re8 10. Bf3 Nxd4 11. Bxd4 Bf5 12. Bxf6 Bxf6 13. O-O Bxc3 14. exf5
Bxb2 15. Rb1 Ba3 16. fxg6 hxg6 17. Bxb7 Rb8 18. Bd5 Qf6 19. Qa4 Bc5 20. Rxb8
Rxb8 21. Bf3 Rb2 22. Qd7 Rxf2 23. Rxf2 Qa1+ 24. Kh2 Bxf2 25. Qe8+ Kg7 0-1

[Event "XXIV MEMORIAL J. KOCHANA"]
[Site "Koszalin"]
[Date "2013.08.16"]
[Round "8.18"]
[White "Przerwa, Waldemar"]
[Black "Leszczewska, Edyta"]
[Result "1-0"]
[WhiteElo "1779"]
[BlackElo "1382"]
[PlyCount "49"]
[EventDate "2013.??.??"]

1. g3 e5 2. c4 Nc6 3. Bg2 Bc5 4. Nc3 Nf6 5. d3 h6 6. Nf3 d6 7. O-O O-O 8. Na4
Bb6 9. a3 Bd7 10. b4 Qc8 11. Nxb6 axb6 12. Bb2 Bh3 13. b5 Ne7 14. e4 Bxg2 15.
Kxg2 Ng6 16. h3 Qe6 17. Nh2 Nd7 18. Ng4 Nc5 19. Ne3 c6 20. f4 exf4 21. gxf4 Na4
22. Qd2 Qe7 23. Kh2 Nxb2 24. Qxb2 Qd8 25. Nf5 1-0

[Event "XXIV MEMORIAL J. KOCHANA"]
[Site "Koszalin"]
[Date "2013.08.16"]
[Round "8.19"]
[White "Pijewski, Milosz"]
[Black "Tymrakiewicz, Marcin"]
[Result "1/2-1/2"]
[WhiteElo "1516"]
[BlackElo "1936"]
[PlyCount "45"]
[EventDate "2013.??.??"]

1. e4 c5 2. Nf3 g6 3. d4 cxd4 4. Nxd4 Nc6 5. c4 Bg7 6. Be3 Nf6 7. Nc3 O-O 8.
Be2 d6 9. O-O Bd7 10. Rc1 Nxd4 11. Bxd4 Bc6 12. f3 a5 13. Nd5 Nd7 14. Bxg7 Kxg7
15. Qd4+ Kg8 16. Rfd1 Nc5 17. e5 Bxd5 18. cxd5 Qb6 19. f4 Rac8 20. Bg4 Rce8 21.
e6 f6 22. h4 Rc8 23. Bf3 1/2-1/2

[Event "XXIV MEMORIAL J. KOCHANA"]
[Site "Koszalin"]
[Date "2013.08.16"]
[Round "8.21"]
[White "Kupiak, Sylwester"]
[Black "Cwirko, Mateusz"]
[Result "0-1"]
[WhiteElo "1662"]
[BlackElo "1420"]
[PlyCount "90"]
[EventDate "2013.??.??"]

1. e4 c5 2. Nc3 Nc6 3. Nf3 e6 4. Bc4 a6 5. a4 b6 6. d4 cxd4 7. Nxd4 Be7 8. Be3
Nf6 9. O-O O-O 10. f3 Bb7 11. Qe2 Qc7 12. Qf2 Bd8 13. Rad1 Nxd4 14. e5 Nf5 15.
exf6 Nxe3 16. Qxe3 Qxc4 17. fxg7 Re8 18. Rxd7 Bc6 19. Rd4 Qc5 20. b4 Qg5 21.
Qd3 Qg6 22. Qd2 Bf6 23. Rg4 Qf5 24. Ne2 Red8 25. Qh6 Rd5 26. Ng3 Qe5 27. f4
Qd4+ 28. Kh1 Rad8 29. Nh5 Be7 30. h3 Rf5 31. Ng3 Rf6 32. Qh4 Qd5 33. Nh5 Rh6
34. Qxe7 Rxh5 35. Kh2 Rh6 36. Rf3 Qd7 37. Qg5 Rg6 38. Qe5 Rxg4 39. hxg4 Bxf3
40. gxf3 Qe7 41. Kg3 Qxb4 42. c3 Qd6 43. Qf6 Qd2 44. g5 Qe1+ 45. Kh3 Rd2 0-1

[Event "XXIV MEMORIAL J. KOCHANA"]
[Site "Koszalin"]
[Date "2013.08.16"]
[Round "8.22"]
[White "Sowinski, Ryszard"]
[Black "Bilczewska, Olga"]
[Result "1/2-1/2"]
[WhiteElo "1560"]
[BlackElo "1223"]
[PlyCount "32"]
[EventDate "2013.??.??"]

1. d4 d5 2. c4 e6 3. Nc3 Nf6 4. Bf4 c6 5. e3 Nbd7 6. Bd3 dxc4 7. Bxc4 b5 8. Bd3
Bb7 9. Nf3 a6 10. a3 Be7 11. h3 O-O 12. Qc2 Rc8 13. O-O c5 14. Qe2 cxd4 15.
exd4 Nb6 16. Be3 Nbd5 1/2-1/2

[Event "XXIV MEMORIAL J. KOCHANA"]
[Site "Koszalin"]
[Date "2013.08.16"]
[Round "8.23"]
[White "Trzeciakiewicz, Michal"]
[Black "Luczak, Filip"]
[Result "0-1"]
[WhiteElo "1543"]
[BlackElo "1360"]
[PlyCount "62"]
[EventDate "2013.??.??"]

1. e4 c5 2. Nf3 e6 3. Nc3 Nc6 4. Bb5 Nd4 5. Nxd4 cxd4 6. Ne2 a6 7. Ba4 b5 8.
Bb3 Qb6 9. d3 g6 10. c3 dxc3 11. bxc3 Bg7 12. d4 Bb7 13. Ng3 Ne7 14. O-O O-O
15. Be3 d5 16. e5 Rfc8 17. Qd2 Rc7 18. Rac1 Rac8 19. Rc2 a5 20. a3 Ba6 21. Rb1
Qa7 22. h4 Rc6 23. h5 Qc7 24. Rbc1 f5 25. exf6 Bxf6 26. Bg5 Bxg5 27. Qxg5 Rf8
28. hxg6 Nxg6 29. Nh5 Rf5 30. Qg4 Kh8 31. Bxd5 Rxd5 0-1

[Event "XXIV MEMORIAL J. KOCHANA"]
[Site "Koszalin"]
[Date "2013.08.16"]
[Round "8.24"]
[White "Stefanoff, Zdzislaw"]
[Black "Wolaniecki, Patryk"]
[Result "1-0"]
[WhiteElo "1512"]
[BlackElo "1388"]
[PlyCount "103"]
[EventDate "2013.??.??"]

1. d4 Nf6 2. c4 e6 3. a3 c5 4. e3 d5 5. Nf3 a6 6. Nc3 Nc6 7. Be2 b6 8. h3 Be7
9. O-O O-O 10. cxd5 exd5 11. b3 Bb7 12. Bb2 h6 13. Qc2 cxd4 14. exd4 b5 15. b4
Qb6 16. Rad1 Rac8 17. Qf5 Rcd8 18. Ne5 Nxd4 19. Qd3 Nxe2+ 20. Qxe2 d4 21. Nb1
Be4 22. Nd2 Bc2 23. Rc1 d3 24. Qf3 a5 25. Rfe1 axb4 26. Nc6 Bc5 27. Nxd8 Rxd8
28. Ra1 bxa3 29. Bxa3 Bxa3 30. Rxa3 b4 31. Ra8 b3 32. Rxd8+ Qxd8 33. Ra1 Qd5
34. Ra8+ Kh7 35. Qxd5 Nxd5 36. Rb8 Nc3 37. Kf1 Kg6 38. Ke1 f6 39. Nxb3 Nb1 40.
Nd2 Nxd2 41. Kxd2 Kg5 42. Rb4 h5 43. g3 f5 44. h4+ Kh6 45. Rb6+ g6 46. Rb7 Ba4
47. Kxd3 Bc6 48. Rb6 Be4+ 49. Ke3 Bd5 50. Kd4 Bg8 51. Ke5 Bc4 52. f3 {...} 1-0

[Event "XXIV MEMORIAL J. KOCHANA"]
[Site "Koszalin"]
[Date "2013.08.16"]
[Round "8.26"]
[White "Ziobrowska, Danuta"]
[Black "Zukowska, Aleksandra"]
[Result "1-0"]
[WhiteElo "1595"]
[BlackElo "1345"]
[PlyCount "69"]
[EventDate "2013.??.??"]

1. d4 d5 2. c4 e5 3. dxe5 d4 4. h3 Nc6 5. Nf3 Be6 6. Nbd2 Bb4 7. a3 Bxd2+ 8.
Bxd2 Bxc4 9. Qc2 Bd5 10. Bg5 Nge7 11. e4 Be6 12. Rd1 Qd7 13. Bxe7 Qxe7 14. Nxd4
Nxe5 15. Bb5+ Kf8 16. O-O c6 17. Be2 f6 18. f4 Nf7 19. Nxe6+ Qxe6 20. Bg4 Qe8
21. Qc5+ Kg8 22. e5 a6 23. Bd7 Qf8 24. Qe3 Qe7 25. Rfe1 h6 26. Bf5 Rd8 27. Qb3
Rxd1 28. Rxd1 b5 29. Rd7 Qc5+ 30. Kh2 Qf8 31. Bg6 c5 32. Bxf7+ Kh7 33. Qd3+ f5
34. Qxf5+ g6 35. Qxg6# 1-0

[Event "XXIV MEMORIAL J. KOCHANA"]
[Site "Koszalin"]
[Date "2013.08.16"]
[Round "8.28"]
[White "Wasilewska, Paula"]
[Black "Turzynska, Grazyna"]
[Result "1/2-1/2"]
[WhiteElo "1317"]
[BlackElo "1487"]
[PlyCount "114"]
[EventDate "2013.??.??"]

1. d4 d5 2. e3 Bf5 3. Bd3 Qd7 4. Nc3 a6 5. h3 h6 6. Nf3 Nf6 7. Ne5 Qe6 8. Ne2
Nc6 9. Nf4 Qc8 10. Nxc6 Bxd3 11. Qxd3 bxc6 12. b3 e6 13. c4 Be7 14. c5 Nd7 15.
b4 e5 16. Ne2 O-O 17. O-O e4 18. Qc2 f5 19. Nf4 Kh7 20. Bd2 Nf6 21. a3 g5 22.
Ne2 g4 23. h4 Nh5 24. g3 Qd8 25. Qa4 Rf6 26. Nf4 Nxf4 27. exf4 h5 28. Kg2 Re6
29. Rh1 Bf6 30. Be3 Qh8 31. Rad1 Qg8 32. Qa5 Ra7 33. Ra1 Qh8 34. Rhd1 Kg6 35.
Qa4 Qa8 36. Qa5 Re8 37. Rdb1 Rb8 38. Qa4 Rb5 39. Qd1 a5 40. Qe1 axb4 41. axb4
Ra4 42. Rxa4 Qxa4 43. Kh2 Qa8 44. Ra1 Qb7 45. Rb1 Qa8 46. Ra1 Qh8 47. Rd1 Rb8
48. Qc3 Qd8 49. Kg2 Rb5 50. Rb1 Qb8 51. Rb2 Qa8 52. Rb3 Bg7 53. Ra3 Qb7 54. Rb3
Qb8 55. Rb1 Rb7 56. Rb3 Ra7 57. Ra3 Rb7 1/2-1/2

[Event "XXIV MEMORIAL J. KOCHANA"]
[Site "Koszalin"]
[Date "2013.08.16"]
[Round "8.29"]
[White "Popiolek, Henryk"]
[Black "Krzywnicka, Maria"]
[Result "0-1"]
[WhiteElo "1332"]
[BlackElo "1372"]
[PlyCount "96"]
[EventDate "2013.??.??"]

1. c4 c5 2. Nc3 Nc6 3. e4 e5 4. d3 d6 5. Nf3 Bg4 6. Be2 Nf6 7. Be3 Be7 8. h3
Bh5 9. Rb1 O-O 10. a3 a5 11. O-O Rb8 12. g4 Bg6 13. Nh2 Nd7 14. f4 f6 15. f5
Bf7 16. Qe1 Nd4 17. Bxd4 exd4 18. Nd5 Bxd5 19. exd5 b5 20. b3 b4 21. a4 Re8 22.
Qg3 Bf8 23. Rbe1 Re3 24. Rf3 Re8 25. Qg2 Ne5 26. Rg3 h6 27. Nf1 Nf7 28. Nd2 Be7
29. Ne4 Ra8 30. h4 Rb8 31. Kh2 Ra8 32. Kh1 Rb8 33. Rg1 Rf8 34. Nf2 Ra8 35. Nh3
Rb8 36. Nf4 Qd7 37. Ne6 Rfc8 38. g5 fxg5 39. Bh5 Bf6 40. Bxf7+ Kxf7 41. hxg5
hxg5 42. Nxg5+ Bxg5 43. Rxg5 Rh8+ 44. Qh2 Rxh2+ 45. Kxh2 Rh8+ 46. Kg2 Qe7 47.
Kf1 Qe5 48. R5g2 Rh2 0-1

[Event "XXIV MEMORIAL J. KOCHANA"]
[Site "Koszalin"]
[Date "2013.08.16"]
[Round "8.30"]
[White "Ciesielski, Jan"]
[Black "Wasilewski, Leszek"]
[Result "1-0"]
[WhiteElo "1268"]
[BlackElo "1337"]
[PlyCount "105"]
[EventDate "2013.??.??"]

1. e4 c5 2. Nf3 d6 3. d4 cxd4 4. Nxd4 e5 5. Nf3 Nf6 6. Nc3 Be7 7. Bd3 Nc6 8.
Bg5 O-O 9. h3 h6 10. Bh4 Be6 11. O-O Rc8 12. Qe2 Nh5 13. Bxe7 Nxe7 14. Rad1 a6
15. Rd2 Nc6 16. Rfd1 Nf4 17. Qe1 Nd4 18. Nxd4 exd4 19. Ne2 Qg5 20. Nxf4 Qxf4
21. f3 Qg5 22. Kh1 Rc5 23. Qf2 Qf4 24. Qxd4 Rh5 25. Bf1 Rc8 26. c3 Rcc5 27.
Qxd6 Rce5 28. Qd4 Reg5 29. Qf2 Rg3 30. b3 Qh4 31. Kh2 Bxh3 32. Qxg3 Be6+ 33.
Qxh4 Rxh4+ 34. Kg1 Rh5 35. Rd4 Rc5 36. Bc4 g5 37. Bxe6 fxe6 38. Rc4 Rb5 39. Kf2
Kf7 40. Ke3 Kf6 41. f4 gxf4+ 42. Kxf4 Rg5 43. g3 h5 44. b4 Rg4+ 45. Kf3 Rg7 46.
Rf1 Kg5 47. Rc5+ Kf6 48. Ke3+ Kg6 49. Rg1 Kh6 50. Re5 Rg6 51. Kf2 Rf6+ 52. Kg2
b5 53. Rh1 1-0

[Event "XXIV MEMORIAL J. KOCHANA"]
[Site "Koszalin"]
[Date "2013.08.17"]
[Round "9.1"]
[White "Malaniuk, Vladimir P"]
[Black "Karwowski, Kacper"]
[Result "1-0"]
[WhiteElo "2529"]
[BlackElo "1904"]
[PlyCount "57"]
[EventDate "2013.??.??"]

1. d4 Nf6 2. c4 e6 3. Nf3 b6 4. e3 Bb7 5. Nc3 Bb4 6. Bd3 Ne4 7. O-O Bxc3 8.
bxc3 Nxc3 9. Qc2 Bxf3 10. gxf3 Qg5+ 11. Kh1 Qh5 12. Rg1 Qxf3+ 13. Rg2 f5 14.
Ba3 Ne4 15. Rf1 g6 16. Be2 Qh3 17. d5 c5 18. Bb2 O-O 19. Rfg1 exd5 20. f3 Nf6
21. Rg3 Qh4 22. Qxf5 Kf7 23. Bxf6 Qxf6 24. Qxd5+ Ke7 25. Qxa8 Nc6 26. Qb7 Qb2
27. Rd1 Rd8 28. Rg2 Qxa2 29. Bf1 1-0

[Event "XXIV MEMORIAL J. KOCHANA"]
[Site "Koszalin"]
[Date "2013.08.17"]
[Round "9.4"]
[White "Piotrowski, Pawel"]
[Black "Gajdamowicz, Patrick"]
[Result "1-0"]
[WhiteElo "1959"]
[BlackElo "1892"]
[PlyCount "41"]
[EventDate "2013.??.??"]

1. d4 Nf6 2. c4 c5 3. d5 b5 4. cxb5 a6 5. bxa6 Bxa6 6. g3 d6 7. Bg2 g6 8. Nf3
Bg7 9. Nc3 Nbd7 10. Rb1 O-O 11. O-O Ng4 12. Qc2 Qb6 13. h3 Nge5 14. Nxe5 Nxe5
15. b3 Rfb8 16. Rd1 Qb4 17. a3 Nf3+ 18. Bxf3 Qxc3 19. Qa2 c4 20. b4 Bd4 21. Bb2
1-0

[Event "XXIV MEMORIAL J. KOCHANA"]
[Site "Koszalin"]
[Date "2013.08.17"]
[Round "9.5"]
[White "Kucharski, Krzysztof"]
[Black "Kowalski, Maciej"]
[Result "0-1"]
[WhiteElo "1864"]
[BlackElo "1932"]
[PlyCount "82"]
[EventDate "2013.??.??"]

1. e4 e5 2. Nf3 Nc6 3. Bb5 f5 4. d3 fxe4 5. dxe4 Nf6 6. Bg5 Bc5 7. O-O d6 8.
Qd3 Be6 9. c3 a5 10. Nbd2 O-O 11. Bc4 Qe8 12. Nh4 Kh8 13. Bxe6 Qxe6 14. Nf5
Rae8 15. Bxf6 Rxf6 16. Nc4 Ref8 17. a4 Qf7 18. Rad1 g6 19. Nfe3 Rxf2 20. Kh1
Qe6 21. Rxf2 Rxf2 22. Rf1 Qf7 23. Rxf2 Qxf2 24. Qf1 Bxe3 25. Nxe3 Qxf1+ 26.
Nxf1 Nd8 27. Ne3 Ne6 28. Nc4 Nc5 29. Nxa5 b6 30. Nc4 Nxa4 31. Kg1 b5 32. Na3 c6
33. c4 b4 34. Nc2 c5 35. b3 Nc3 36. Kf1 Kg7 37. Ne3 Kf7 38. Ke1 Ke6 39. h4 h5
40. Nd5 Nxd5 41. cxd5+ Kd7 0-1

[Event "XXIV MEMORIAL J. KOCHANA"]
[Site "Koszalin"]
[Date "2013.08.17"]
[Round "9.6"]
[White "Bilczewski, Kacper"]
[Black "Kuciel, Wladyslaw"]
[Result "1/2-1/2"]
[WhiteElo "1807"]
[BlackElo "1978"]
[PlyCount "127"]
[EventDate "2013.??.??"]

1. e4 c5 2. c3 d5 3. exd5 Nf6 4. d4 Nxd5 5. Nf3 Nc6 6. Be2 e6 7. O-O Be7 8. c4
Nf6 9. dxc5 Qxd1 10. Rxd1 Bxc5 11. Nc3 h6 12. a3 a5 13. Nb5 Ke7 14. Nc3 a4 15.
Bf4 Bd7 16. Rd2 Na5 17. Rad1 Ra6 18. Ne5 Be8 19. Nd3 Bd4 20. Nb4 Bxc3 21. bxc3
Ne4 22. Nxa6 Nxd2 23. Rxd2 bxa6 24. Bd6+ Kf6 25. Bc7 Nb3 26. Rd6 Nc5 27. Bf3
Ke7 28. Rd1 Nb3 29. Bd8+ Kf8 30. Bb7 Nc5 31. Ba8 f6 32. Bb6 Nd7 33. c5 Ke7 34.
Bb7 Nxb6 35. cxb6 Bb5 36. Bf3 Rb8 37. b7 Bc4 38. Rd4 Bd5 39. Rxa4 Rxb7 40. h3
Rb1+ 41. Kh2 Bxf3 42. gxf3 Rb6 43. Kg3 f5 44. f4 Kd6 45. f3 Kc5 46. h4 Rc6 47.
Rd4 Rd6 48. Rb4 Rd7 49. Ra4 Ra7 50. Rd4 a5 51. Ra4 Kb5 52. Rd4 Rc7 53. a4+ Kc5
54. Kf2 Rb7 55. Ke3 Rb1 56. Rd7 Rg1 57. Rc7+ Kd5 58. Ra7 Kc4 59. Rxa5 Kxc3 60.
Kf2 Ra1 61. Kg3 Kb4 62. Re5 Rxa4 63. Rxe6 Ra7 64. Rc6 1/2-1/2

[Event "XXIV MEMORIAL J. KOCHANA"]
[Site "Koszalin"]
[Date "2013.08.17"]
[Round "9.7"]
[White "Dmochowska, Agnieszka"]
[Black "Brusilowicz, Przemyslaw"]
[Result "0-1"]
[WhiteElo "1823"]
[BlackElo "1954"]
[PlyCount "87"]
[EventDate "2013.??.??"]

1. e4 c5 2. Nf3 d6 3. d4 cxd4 4. Nxd4 Nf6 5. Nc3 g6 6. Be3 Bg7 7. f3 Nc6 8. Qd2
Nxd4 9. Bxd4 O-O 10. O-O-O a6 11. Kb1 b5 12. g4 Be6 13. h4 Qd7 14. h5 Rac8 15.
Bd3 Bc4 16. Nd5 e5 17. Bxc4 bxc4 18. Nxf6+ Bxf6 19. Bc3 Rc6 20. Qd5 Rd8 21.
hxg6 hxg6 22. f4 Rc5 23. Qxc5 dxc5 24. Rxd7 Rxd7 25. fxe5 Bg7 26. Kc1 Re7 27.
Kd2 Bxe5 28. Bxe5 Rxe5 29. Ke3 Re8 30. b3 cxb3 31. axb3 f5 32. gxf5 gxf5 33.
Rh4 Kf7 34. Rf4 Rxe4+ 35. Rxe4 fxe4 36. Kxe4 Ke6 37. c3 Kd6 38. Kf4 Kd5 39. Kf5
a5 40. Kf4 c4 41. Ke3 cxb3 42. Kd3 Kc5 43. c4 Kb4 44. Kd4 0-1

[Event "XXIV MEMORIAL J. KOCHANA"]
[Site "Koszalin"]
[Date "2013.08.17"]
[Round "9.8"]
[White "Czajkowski, Adam"]
[Black "Dabrowski, Damian"]
[Result "1-0"]
[WhiteElo "1933"]
[BlackElo "1593"]
[PlyCount "120"]
[EventDate "2013.??.??"]

1. e4 c5 2. Nf3 Nc6 3. Bb5 g6 4. O-O Bg7 5. Re1 Nf6 6. c3 O-O 7. d4 cxd4 8.
cxd4 d5 9. e5 Ne4 10. Nc3 Bf5 11. Nh4 Nxc3 12. bxc3 Bd7 13. Bd3 Rc8 14. f4 e6
15. Qg4 Na5 16. Bd2 Qc7 17. Re3 Nc4 18. Bxc4 Qxc4 19. Rh3 Rc6 20. Nf3 Ra6 21.
Qh4 h5 22. g4 Rxa2 23. Rxa2 Qxa2 24. gxh5 gxh5 25. Rg3 Qb1+ 26. Ne1 a5 27. f5
Qxf5 28. Bh6 Bb5 29. Qf6 Qxf6 30. exf6 a4 31. Rxg7+ Kh8 32. Bc1 Rc8 33. Rg3 Be8
34. Ng2 Bb5 35. Ba3 Be2 36. Kf2 Bg4 37. Nh4 Rc7 38. h3 Bd1 39. Ke1 Bc2 40. Kd2
Be4 41. Rg5 Bg6 42. Nxg6+ fxg6 43. Rxg6 Kh7 44. Rg1 Rf7 45. Be7 Kh6 46. h4 b5
47. Kc2 Kh7 48. Kb2 Kh6 49. Ka3 Kh7 50. Kb4 Kh6 51. Rg5 Kh7 52. Kxb5 a3 53. Rg2
Kh6 54. Kb4 Kh7 55. Kxa3 Kh6 56. Kb4 Kh7 57. Kc5 Kh6 58. Kd6 Kh7 59. Kxe6 Rxe7+
60. fxe7 Kh6 1-0